000 04303cam a2200349Ii 4500
005 20180312112704.0
008 160218s2002 xxu frb 001 0 eng d
020 _a9781461507192
020 _a9781461352099
020 _z1461507197
035 _a(OCoLC)852788571
040 _aCo-BoUCM
_beng
_cSaul Niño
_dSaul Niño
245 0 0 _aPsychological sense of community
_bresearch, applications, and implications
_cedited by Adrian T. Fisher, Christopher C. Sonn, and Brian J. Bishop.
260 _aNew York (Estados Unidos)
_bKluwer Academic/Plenum Publishers
_c2002
300 _axiii, 339 páginas
490 0 _aThe Plenum series in social/clinical psychology
_x1568-2528
504 _aIncluye referencias bibliográficas e índices
505 0 _aPsychological sense of community : theory, research, and application / Kimberly D. Bess, Adrian T. Fisher, Christopher C. Sonn, Brian J. Bishop -- Psychological home / Sandra T. Sigmon, Stacy R. Whitcomb, C.R. Snyder -- Presumptive planning : from urban design to community creation in one move? / Jean Hillier -- Community, sense of community, and networks / Joseph Hughey, Paul W. Speer -- Sense of community of young women in custody / Tomi Redman, Adrian T. Fisher -- Sense of community among Oxford house residents recovering from substance abuse : making a house a home / Joseph R Ferrari, Leonard A. Jason, Bradley D. Olson, Margaret I. Davis, Josefina Alvarez -- Sense of community in a university setting : campus as workplace / Beverly B. Mahan, Wendy M. Garrard, Susan E Lewis, John R. Newbrough -- Being church and community : psychological sense of community in a local parish / Ron Miers, Adrian T. Fisher -- Sense of community in the school : listening to students' voices / Helen Vrailis Bateman -- Young people's development of the community-minded self : considering community identity, community attachment and sense of community / Grace M.H. Pretty -- Immigrant adaptation : understanding the process through sense of community / Christopher C. Sonn -- MOOing till the cows come home : the search for sense of community in virtual environments / Lynne Roberts, Leigh Smith, Clare Pollock -- Contemporary aboriginal perceptions of community / Pat Dudgeon, John Mallard, Darlene Oxenham, John Fielder -- Sense of community in rural communities : a mixed methodological approach / Brian J. Bishop, Sheridan Coakes, Pam D'Rozario -- Neighborhood sense of community and social capital : a multi-level analysis / Douglas D. Perkins, D. Adam Long -- Expanding the conceptualization of PSOC / Anne E. Brodsky, Colleen Loomis, Christine M. Marx.
520 _aIn this book, the authors have explored a series of different types of communities - moving from the basic idea of those based at a specific location all the way to virtual communities of the internet. The ways in which the communities operate, positively and negatively, what people get out of them and what they have to put into them, and the notion of being members of more than one community at the one time are considered. Sense of community is a topic that captures the attention of people from all types of backgrounds. So, contributors from fields such as community psychology, clinical areas, community development, and urban planning have added their insights and knowledge. A key feature of this book is the research focus that emphasizes the theory-driven analyses and the diversity of contexts in which sense of community is applied. This book will make a significant contribution to our understanding of life in communities and to people's sense of community. It will be of great interest to those concerned with understanding various forms of community and how communities can be mobilized to achieve wellbeing.
546 _aTexto en ingles
650 7 _aComunidades
_911410
650 7 _aPsicología de la comunidad
_922809
650 7 _aPsicología social
_922856
650 7 _aCultura y sociedad
_912414
_xAspectos psicológicos
690 0 _aSociología
_9386
700 1 _aFisher, Adrian T.
_d1954-
_eeditor
_975603
700 1 _aSonn, Christopher C.,
_d1967-
_eeditor
_975604
700 1 _aBishop, Brian J.,
_d1946-
_eeditor
_975605
942 _2DEWEY
_a5
_cLIBRO
_e1
_h302.1
_mP995ps
_n0
041 _aeng
999 _c302676
_d302676